[Event "Prague Golden Rapid op"]
[Site "Prague"]
[Date "2023.06.17"]
[Round "6"]
[White "Svoboda, Zdenek"]
[Black "Kolbusovsky, Michal"]
[Result "1/2-1/2"]
[WhiteElo "2135"]
[BlackElo "1817"]
[PlyCount "83"]
[EventDate "2023.06.17"]
[EventType "swiss (rapid)"]
[EventRounds "9"]
[EventCountry "CZE"]
[SourceTitle "CBM 215 Extra"]
[Source "ChessBase"]
[SourceDate "2023.09.30"]
[SourceVersion "1"]
[SourceVersionDate "2023.09.30"]
[SourceQuality "1"]

1. c4 Nf6 2. Nc3 d5 3. cxd5 Nxd5 4. e4 Nxc3 5. bxc3 g6 6. d4 Bg7 7. Be3 0-0 8. Nf3 c5 9. Be2 cxd4 10. cxd4 Nc6 11. 0-0 Bg4 12. e5 f6 13. Qb3+ Kh8 14. Qxb7 Rc8 15. Rac1 Bxf3 16. Bxf3 Nxd4 17. Bxd4 Rxc1 18. Rxc1 Qxd4 19. Qxe7 fxe5 20. h3 e4 21. Qxe4 Qxe4 22. Bxe4 Bd4 23. Rc2 Re8 24. Bd5 Re5 25. Bb3 Bc5 26. g3 Kg7 27. Kg2 Bb6 28. f4 Re1 29. Rd2 h5 30. g4 Rg1+ 31. Kf3 Rh1 32. Kg2 Rg1+ 33. Kf3 Rh1 34. gxh5 Rxh3+ 35. Kg4 Rxh5 36. Rd7+ Kh8 37. Bf7 Ra5 38. Bxg6 Rxa2 39. Kf5 Rc2 40. Kf6 Rc6+ 41. Kf7 Rc7 42. Rxc7 1/2-1/2

[Event "Trebic Highlands op 09th"]
[Site "Trebic"]
[Date "2013.09.21"]
[Round "1"]
[White "Pavlicek, Petr"]
[Black "Svoboda, Zdenek"]
[Result "1-0"]
[WhiteElo "1985"]
[BlackElo "1685"]
[PlyCount "51"]
[EventDate "2013.09.21"]
[EventType "swiss"]
[EventRounds "9"]
[EventCountry "CZE"]
[SourceTitle "CBM 156 Extra"]
[Source "ChessBase"]
[SourceDate "2013.10.22"]
[SourceVersion "1"]
[SourceVersionDate "2013.10.22"]
[SourceQuality "1"]

1. e4 c6 2. d4 d5 3. exd5 Qxd5 4. Nc3 Qa5 5. Nf3 Bf5 6. Bc4 e6 7. Bd2 Qc7 8. 0-0 Bd6 9. Re1 Ne7 10. Ne4 Nd7 11. Nxd6+ Qxd6 12. a3 a5 13. Rc1 Rc8 14. Bxa5 b5 15. Bb3 Nd5 16. c4 bxc4 17. Bxc4 N7f6 18. Ne5 h5 19. Bb5 Ng4 20. Bxc6+ Ke7 21. Bxd5 Rxc1 22. Qxc1 Kf6 23. Nf3 g6 24. Be4 Rg8 25. h3 Nxf2 26. Kxf2 1-0

[Event "Teplice op 8th"]
[Site "Teplice"]
[Date "2013.06.22"]
[Round "8"]
[White "Svoboda, Zdenek"]
[Black "Frijling, Jeroen"]
[Result "0-1"]
[WhiteElo "1699"]
[BlackElo "1826"]
[PlyCount "104"]
[EventDate "2013.06.15"]
[EventType "swiss"]
[EventRounds "9"]
[EventCountry "CZE"]
[SourceTitle "CBM 155 Extra"]
[Source "ChessBase"]
[SourceDate "2013.08.26"]
[SourceVersion "1"]
[SourceVersionDate "2013.08.26"]
[SourceQuality "1"]

1. e4 c5 2. Nc3 Nc6 3. g3 g6 4. Bg2 Bg7 5. d3 e6 6. Be3 Nd4 7. Nge2 Ne7 8. Qd2 Nec6 9. 0-0 0-0 10. Nd1 Nxe2+ 11. Qxe2 d6 12. Qd2 Rb8 13. c3 b5 14. Bh6 b4 15. Bxg7 Kxg7 16. Re1 e5 17. Ne3 Be6 18. Nd5 Bxd5 19. exd5 bxc3 20. bxc3 Ne7 21. Be4 f5 22. Bf3 Qa5 23. Qg5 Ng8 24. Qc1 Rb7 25. Rb1 Rfb8 26. Rxb7+ Rxb7 27. Qa1 Qb5 28. c4 Qb2 29. Qxb2 Rxb2 30. Re2 Rb1+ 31. Kg2 Nf6 32. Rd2 a5 33. h3 a4 34. Bd1 a3 35. Kf1 e4 36. d4 Rb2 37. Rxb2 axb2 38. Bc2 cxd4 39. a4 d3 40. Bb1 Ne8 41. Ke1 Kf6 42. Kd2 Ke5 43. Kc3 g5 44. Kxb2 Kd4 45. Ba2 f4 46. a5 Nc7 47. c5 Kxc5 48. Kc3 Nb5+ 49. Kd2 Kd4 50. Bb1 e3+ 51. fxe3+ fxe3+ 52. Ke1 d2+ 0-1

[Event "Teplice op 8th"]
[Site "Teplice"]
[Date "2013.06.21"]
[Round "7"]
[White "Cenek, Miroslav1111"]
[Black "Svoboda, Zdenek"]
[Result "1-0"]
[WhiteElo "1909"]
[BlackElo "1699"]
[PlyCount "61"]
[EventDate "2013.06.15"]
[EventType "swiss"]
[EventRounds "9"]
[EventCountry "CZE"]
[SourceTitle "CBM 155 Extra"]
[Source "ChessBase"]
[SourceDate "2013.08.26"]
[SourceVersion "1"]
[SourceVersionDate "2013.08.26"]
[SourceQuality "1"]

1. c4 c6 2. Nc3 Nf6 3. d4 d5 4. Bg5 e6 5. e3 Bb4 6. Bd3 dxc4 7. Bxc4 Qa5 8. Bxf6 Bxc3+ 9. Kf1 gxf6 10. bxc3 Qxc3 11. Rc1 Qa5 12. Ne2 b5 13. Bb3 Bb7 14. f3 Qb6 15. Kf2 Rg8 16. Nf4 Ke7 17. Nd3 Na6 18. Qc2 Rg7 19. Rhd1 Rag8 20. g3 Qc7 21. f4 c5 22. Nxc5 Nb4 23. Qd2 Nd5 24. Nxe6 fxe6 25. Rxc7+ Nxc7 26. Qa5 Kd6 27. Qxa7 Be4 28. Rc1 Nd5 29. Qc5+ Kd7 30. Qxb5+ Ke7 31. Qb7+ 1-0

[Event "Teplice op 8th"]
[Site "Teplice"]
[Date "2013.06.20"]
[Round "6"]
[White "Mriso, Milos"]
[Black "Svoboda, Zdenek"]
[Result "0-1"]
[WhiteElo "1753"]
[BlackElo "1699"]
[PlyCount "106"]
[EventDate "2013.06.15"]
[EventType "swiss"]
[EventRounds "9"]
[EventCountry "CZE"]
[SourceTitle "CBM 155 Extra"]
[Source "ChessBase"]
[SourceDate "2013.08.26"]
[SourceVersion "1"]
[SourceVersionDate "2013.08.26"]
[SourceQuality "1"]

1. Nf3 c6 2. b3 d5 3. Bb2 Bf5 4. d3 Nd7 5. g3 Qc7 6. Bg2 e5 7. Nbd2 Ngf6 8. 0-0 Bd6 9. Nh4 Bg4 10. h3 g5 11. Nhf3 Bxf3 12. Bxf3 Rg8 13. e4 Nb6 14. c4 d4 15. Bg4 Nxg4 16. hxg4 h5 17. gxh5 g4 18. Kg2 f6 19. Rh1 Qh7 20. Rh4 Rg5 21. Qe2 0-0-0 22. Rah1 Rdg8 23. Nf1 Nd7 24. Bc1 R5g7 25. Nh2 f5 26. h6 Rf7 27. exf5 Qxf5 28. Rxg4 Rgf8 29. f3 Nc5 30. Rg5 Qxd3 31. Qxd3 Nxd3 32. Bd2 e4 33. f4 e3 34. Be1 Nxe1+ 35. Rxe1 Bb4 36. Re2 Bd2 37. Nf1 d3 38. Rxe3 Bxe3 39. Nxe3 d2 40. Re5 Rh8 41. Re6 Kc7 42. Kf3 Rfh7 43. Ke2 Rxh6 44. Re7+ Kd8 45. Rxb7 Rh2+ 46. Kd1 R8h3 47. Rg7 Rf2 48. Rg8+ Kc7 49. Rg7+ Kb6 50. c5+ Kxc5 51. b4+ Kxb4 52. Rb7+ Kc5 53. Rd7 Rh1+ 0-1

[Event "Teplice op 8th"]
[Site "Teplice"]
[Date "2013.06.16"]
[Round "2"]
[White "Svoboda, Zdenek"]
[Black "Kudela, Stanislav"]
[Result "0-1"]
[WhiteElo "1699"]
[BlackElo "1936"]
[PlyCount "58"]
[EventDate "2013.06.15"]
[EventType "swiss"]
[EventRounds "9"]
[EventCountry "CZE"]
[SourceTitle "CBM 155 Extra"]
[Source "ChessBase"]
[SourceDate "2013.08.26"]
[SourceVersion "1"]
[SourceVersionDate "2013.08.26"]
[SourceQuality "1"]

1. e4 e5 2. Nf3 Nc6 3. Bc4 Bc5 4. b4 Bxb4 5. c3 Ba5 6. d4 exd4 7. 0-0 Nf6 8. e5 Ne4 9. cxd4 d5 10. exd6 Nxd6 11. Qa4 Nxc4 12. Qxc4 Be6 13. Qb5 Bb6 14. Ba3 Qd5 15. Qa4 0-0-0 16. Nc3 Qa5 17. Qxa5 Nxa5 18. Rfd1 Bg4 19. d5 Bxf3 20. gxf3 Nc4 21. Be7 Rd7 22. Bh4 f5 23. Rac1 Nd6 24. Bg3 Re8 25. a4 g5 26. Bxd6 Rxd6 27. Nb5 Rd7 28. d6 c6 29. Na3 Re6 0-1

[Event "Ricany op"]
[Site "Ricany"]
[Date "2009.08.28"]
[Round "8"]
[White "Svoboda, Zdenek"]
[Black "Krejci, Martin"]
[Result "1/2-1/2"]
[WhiteElo "1717"]
[BlackElo "1837"]
[PlyCount "72"]
[EventDate "2009.08.22"]
[EventType "swiss"]
[EventRounds "9"]
[EventCountry "CZE"]
[SourceTitle "CBM 131 Extra"]
[Source "ChessBase"]
[SourceDate "2009.09.03"]
[SourceVersion "2"]
[SourceVersionDate "2009.09.16"]
[SourceQuality "1"]

1. e4 e5 2. Nf3 Nc6 3. Bc4 Nf6 4. d3 h6 5. h3 d6 6. Nc3 Be7 7. Nd5 Be6 8. c3 a6 9. Qb3 Qc8 10. Be3 b5 11. Nxf6+ Bxf6 12. Bd5 Bxd5 13. Qxd5 Ne7 14. Qb3 Qb7 15. a4 0-0 16. 0-0 Rfb8 17. Rfb1 c5 18. Nh2 Ng6 19. g3 Bg5 20. h4 Bxe3 21. fxe3 c4 22. Qd1 cxd3 23. Qxd3 Qc6 24. Qd5 Qxd5 25. exd5 Ne7 26. e4 f5 27. Nf1 fxe4 28. Ne3 Rf8 29. Kg2 Rf3 30. Nc2 Nf5 31. Rf1 Rxg3+ 32. Kh2 Rf3 33. Rxf3 exf3 34. axb5 a5 35. h5 Kf7 36. Nb4 Ne3 1/2-1/2

[Event "Ricany op"]
[Site "Ricany"]
[Date "2009.08.23"]
[Round "2"]
[White "Svoboda, Zdenek"]
[Black "Hadrava, Jaroslav"]
[Result "0-1"]
[WhiteElo "1717"]
[BlackElo "1963"]
[PlyCount "102"]
[EventDate "2009.08.22"]
[EventType "swiss"]
[EventRounds "9"]
[EventCountry "CZE"]
[SourceTitle "CBM 131 Extra"]
[Source "ChessBase"]
[SourceDate "2009.09.03"]
[SourceVersion "2"]
[SourceVersionDate "2009.09.16"]
[SourceQuality "1"]

1. e4 d5 2. exd5 Nf6 3. d4 Nxd5 4. Nf3 Bf5 5. Bd3 Bxd3 6. Qxd3 c6 7. 0-0 e6 8. a3 Be7 9. c4 Nf6 10. Ne5 0-0 11. Nc3 Re8 12. Bg5 Nbd7 13. f4 Qc7 14. Rad1 Rad8 15. Rf3 Nf8 16. b4 a5 17. Ne4 Nxe4 18. Bxe7 Qxe7 19. Qxe4 axb4 20. Rdd3 f6 21. Ng4 f5 22. Nh6+ gxh6 23. Rg3+ Ng6 24. Qe5 Kf7 25. Qe2 Nxf4 26. Qe5 Ng6 27. Qe2 Qf6 28. Qd2 f4 29. Rgf3 Qg5 30. g3 Kg8 31. h4 Nxh4 32. Rxf4 Ng6 33. Rff3 Qxd2 34. Rxd2 bxa3 35. Rxa3 Re7 36. Rb2 Rxd4 37. Ra7 Rxc4 38. Rbxb7 Rxb7 39. Rxb7 Rc2 40. Rd7 c5 41. Rc7 c4 42. Rc6 Nf8 43. Rc7 Ng6 44. Kf1 h5 45. Kg1 c3 46. Kf1 h4 47. g4 h3 48. Kg1 Rc1+ 49. Kh2 c2 50. Kxh3 Rh1+ 51. Kg2 c1Q 0-1

[Event "CZE-chT1b 9697"]
[Site "Czech Republic"]
[Date "1997.??.??"]
[Round "?"]
[White "Sabol, Marian"]
[Black "Svoboda, Zdenek"]
[Result "1-0"]
[WhiteElo "2230"]
[BlackElo "2185"]
[PlyCount "49"]
[EventDate "1996.??.??"]
[EventType "team"]
[EventRounds "11"]
[EventCountry "CZE"]
[SourceTitle "EXT 1998"]
[Source "ChessBase"]
[SourceDate "1997.11.17"]
[SourceVersion "1"]
[SourceVersionDate "1997.11.17"]
[SourceQuality "1"]

1. d4 d5 2. Bg5 Nd7 3. c4 c6 4. Nc3 Ngf6 5. cxd5 Nxd5 6. e4 Nxc3 7. bxc3 Qa5 8. Bd2 e6 9. Bd3 Be7 10. Nf3 0-0 11. e5 Qc7 12. h4 f5 13. g4 g6 14. Bh6 Rf7 15. gxf5 gxf5 16. Rg1+ Kh8 17. Ng5 Bxg5 18. Bxg5 Nxe5 19. dxe5 Qxe5+ 20. Be2 Qxc3+ 21. Bd2 Qf6 22. Rc1 Bd7 23. Qb3 Be8 24. Qg3 Qg6 25. Qe5+ 1-0

[Event "Prague Cedok op"]
[Site "Prague"]
[Date "1996.??.??"]
[Round "7"]
[White "Iljushin, Alexei"]
[Black "Svoboda, Zdenek"]
[Result "1-0"]
[WhiteElo "2415"]
[BlackElo "2170"]
[PlyCount "75"]
[EventDate "1996.??.??"]
[EventType "swiss"]
[EventRounds "9"]
[EventCountry "CZE"]
[SourceTitle "EXT 2001"]
[Source "ChessBase"]
[SourceDate "2000.11.22"]
[SourceVersion "1"]
[SourceVersionDate "2000.11.22"]
[SourceQuality "1"]

1. d4 d5 2. c4 c6 3. Nf3 Nf6 4. cxd5 cxd5 5. Nc3 Nc6 6. Bf4 Bf5 7. e3 e6 8. Ne5 a6 9. Rc1 Rc8 10. Be2 Be7 11. 0-0 0-0 12. g4 Be4 13. f3 Bg6 14. h4 h6 15. Nxg6 fxg6 16. Bg3 Nh7 17. Qe1 g5 18. hxg5 Nxg5 19. f4 Nf7 20. Bd3 Nd6 21. Qe2 b5 22. Kg2 Bf6 23. g5 Bxg5 24. fxg5 Qxg5 25. Rxf8+ Rxf8 26. Rh1 Nf5 27. Bxf5 Rxf5 28. Nd1 e5 29. dxe5 Rxe5 30. Rh4 h5 31. Qf3 Qg6 32. Nf2 Ne7 33. Kh2 Rf5 34. Rf4 Rg5 35. Bh4 Re5 36. Bxe7 Rxe7 37. Qxd5+ Kh8 38. Rf5 1-0

[Event "CZE-ch qual 3rd"]
[Site "Czech Republic"]
[Date "1996.??.??"]
[Round "4"]
[White "Vit, Jiri"]
[Black "Svoboda, Zdenek"]
[Result "0-1"]
[WhiteElo "2075"]
[BlackElo "2170"]
[PlyCount "28"]
[EventDate "1996.??.??"]
[EventType "swiss"]
[EventRounds "9"]
[EventCountry "CZE"]
[SourceTitle "EXT 2001"]
[Source "ChessBase"]
[SourceDate "2000.11.22"]
[SourceVersion "1"]
[SourceVersionDate "2000.11.22"]
[SourceQuality "1"]

1. e4 c5 2. Nf3 Nc6 3. c3 d5 4. exd5 Qxd5 5. d4 Bg4 6. Be2 e6 7. 0-0 Nf6 8. Na3 Be7 9. Nc2 cxd4 10. cxd4 0-0 11. Ne3 Qa5 12. Nxg4 Nxg4 13. Qb3 Qc7 14. h3 Nxd4 0-1

[Event "CZE Czechia-ch"]
[Site "Czech Republic"]
[Date "1993.??.??"]
[Round "2"]
[White "Suran, Jan"]
[Black "Svoboda, Zdenek"]
[Result "1-0"]
[WhiteElo "2200"]
[BlackElo "2055"]
[PlyCount "79"]
[EventDate "1993.??.??"]
[EventType "swiss"]
[EventRounds "9"]
[EventCountry "CZE"]
[SourceTitle "EXT 1997"]
[Source "ChessBase"]
[SourceDate "1996.11.15"]
[SourceVersion "1"]
[SourceVersionDate "1996.11.15"]
[SourceQuality "1"]

1. e4 d6 2. d4 Nf6 3. Bd3 c5 4. c3 Qb6 5. Ne2 g6 6. 0-0 Bg7 7. Na3 cxd4 8. cxd4 0-0 9. Bf4 Nc6 10. Nc4 Qd8 11. d5 Nb4 12. Bb1 b5 13. Na3 Rb8 14. Nd4 Bd7 15. f3 a5 16. Be3 Qc7 17. Qe2 Qb7 18. Rc1 Ne8 19. Bd3 Nc7 20. Qd2 f5 21. Be2 fxe4 22. fxe4 Ncxd5 23. exd5 Qxd5 24. Rc7 Rbd8 25. Naxb5 Qe5 26. Re1 Kh8 27. Nc3 h5 28. Nf3 Qf5 29. Nd4 Qe5 30. Nf3 Qf5 31. a3 Nc2 32. Bd3 Qg4 33. Bxc2 Rxf3 34. Bd1 Rdf8 35. Bxf3 Rxf3 36. Rxd7 Rxe3 37. Rxe3 Bd4 38. Rdxe7 Qf4 39. Ne2 Qg5 40. Qxd4+ 1-0